000 01994nam a2200385 c 4500
999 _c177669
_d177669
003 BLK
005 20200908133057.0
008 180411b bul|||||r ||||||| ||bul||
010 _aKNG00186361000
020 _a9789543781256
040 _aBLK
041 _aBUL
_cBUL
072 7 _2bullib
_aН92
_xИстория Н
080 _aПаметници на културата на историческите периоди. Археологическите паметници. Старини
_b904
_x(497.2)
_z904(497.2)
100 1 _aВачкова, Веселина Кирилова
_eпърви автор
_9371734
139 _aВачкова, Веселина Кирилова
_bВ 31
245 1 0 _aЕдин път, един храм, един дворец и десет века история
_bОт Скретиска до Костинброд 4 - 14 век
_cВеселина Вачкова.
257 _aBGR
260 _bТангра ТанНакРа
_c2015
_fКостинброд : Мултипринт
_aСофия
300 _a368 с.
_bс цв. ил., факс., к.
_c31 см
380 _a9
500 _aЗагл. на кор.: Скретиска - един път, един храм, един дворец и десет века история. - Надмогване на Damnatio memоriae (осъждането на забрава) / Валерия Фол: с. 8-10. - Биогр. данни за авт.
650 4 _aКрепости, български
_9279242
650 4 _aБългария - старини
_9262139
651 4 _aКостинброд
_9179076
653 _aкрепости
653 _aбългарски крепости
653 _aархеологически паметници
659 _aН
852 _aЦб ІІ 21178
856 4 _qpdf
856 4 _qpdf
942 _cKNG
_n0
_s1
944 _aCR
_c10.02.2016
_kВиолета_Тройчева
944 _aED
_c18.05.2017
_kВиолета_Тройчева
999 _d177669